000 00693nas a2200229 4500
001 BR9200997
003 BR-BrBNA
005 20231205092333.0
007 ta
008 230509b bl.|||p| |||| 00| 00por d
040 _aBR-BrBNA
_bpor
_cBiblioteca Nacional de Agricultura
041 _a(Pt)
072 _aP01
100 1 _aVasconcellos, S.A.
245 1 _aReflexao sobre questoes ambientais no processo constituinte municipal
650 _aFLORESTA
650 _aMEIO AMBIENTE
650 _aLEGISLACAO FLORESTAL
773 0 _tBrasil Florestal (Brazil)
_xISSN 0045-270X
_g(Jan-Jun 1989), v. 16(67) p. 5-7
_wBR9200997
909 _a202311
_bLúcia
_c55
_dLúcia Elande
942 _2AGRIS
_n0
_cANA
999 _c131022
_d131022